| 000 | 00713nam a2200253Ia 4500 | ||
|---|---|---|---|
| 003 | OSt | ||
| 005 | 20220918193049.0 | ||
| 006 | a|||||r|||| 00| 0 | ||
| 007 | ta | ||
| 008 | 220917b |||||||| |||| 00| 0 eng d | ||
| 024 | _a71,732 | ||
| 037 | _cTextual | ||
| 040 |
_aARTS _cARTS _beng |
||
| 041 |
_2eng _aeng |
||
| 082 | _aR4, M0 | ||
| 100 |
_aCochrane Donald B ed _980980 |
||
| 245 | 0 |
_aDevelopment of moral reasoning _b practical approaches |
|
| 260 |
_aN.Y _bPraeger pub _c1980 |
||
| 300 |
_a338p. _ccm. |
||
| 650 | _aETHICS | ||
| 700 |
_a Manley- Casimir Michael ed _980981 |
||
| 942 |
_hR4, M0 _cTEXL _2CC |
||
| 999 |
_c197804 _d197804 |
||